000 00607nam a2200217Ia 4500
003 GCL
008 140319s9999 xx 000 0 eng d
040 _aGCL /
_cGCL
082 0 4 _a724.9
_bC R
100 1 _aCELIK, ZEYNEP
245 1 0 _aTHE REMAKING OF ISTANBUL: PORTRAIT OF AN OTTOMAN CITY IN THE NINETEENTH CENTURY /
_cCELIK, ZEYNEP
260 _a[S.N] :
_bUNIVERSITY OF CALIFORNIA PRESS ،
_c1993
300 _a183
650 0 4 _aنايل سات
650 0 4 _aTURKEY
650 0 4 _aBUILDINGS STRUCTURES
650 0 4 _aHISTORY
650 0 4 _aISTANBUL
650 0 4 _aCITY - PLANNING
942 _2ddc
_cBK
999 _c23998
_d23998